| 000 | 00412nam a2200121Ia 4500 | ||
|---|---|---|---|
| 008 | 220616s9999||||xx |||||||||||||| ||und|| | ||
| 245 | 4 | _aThe Ethics of Medical Data Donation | |
| 546 | _aEnglish[eng] | ||
| 650 | _aMedicine||Medical policy||Social policy||Philosophy | ||
| 700 | _aKrutzinna, Jenny||Floridi, Luciano | ||
| 856 | _uhttps://library.oapen.org/bitstream/20.500.12657/23112/1/1007044.pdf | ||
| 942 | _cEB | ||
| 999 |
_c21086 _d21086 |
||